Abstract Book of 3nd ICENSOS 2024 Abstract Book of 3rd International Conference on Engineering, Natural and Social Sciences ICENSOS 2024
Na minha lista:
| Autor Corporativo: | |
|---|---|
| Formato: | Livro |
| Idioma: | inglês turco |
| Publicado em: |
Konya
All Sciences Academy
2024
|
| Edição: | 1st Edition |
| Assuntos: | |
| Tags: |
Sem tags, seja o primeiro a adicionar uma tag!
|
MARC
| LEADER | 00000nlm a2200000 4500 | ||
|---|---|---|---|
| 001 | 0300528 | ||
| 005 | 20240531075919.9 | ||
| 020 | |a 978-625-6314-06-1 | ||
| 041 | 0 | |a eng | |
| 041 | 0 | |a tur | |
| 044 | |a TR | ||
| 245 | 1 | 0 | |a Abstract Book of 3nd ICENSOS 2024 |b Abstract Book of 3rd International Conference on Engineering, Natural and Social Sciences ICENSOS 2024 |
| 250 | |a 1st Edition | ||
| 264 | 1 | |a Konya |b All Sciences Academy |c 2024 | |
| 300 | |a 266 s. | ||
| 610 | 2 | 0 | |a inžinierstvo softvérové |
| 610 | 2 | 0 | |a inžinierstvo informačné |
| 610 | 2 | 0 | |a vedy prírodné |
| 610 | 2 | 0 | |a vedy spoločenské |
| 110 | 2 | |a International Conference on Engineering, Natural and Social Sciences 2024 | |